Statistics for All ARK Survival materials

Click here to take the quiz!

General Stats

  • This quiz has been taken 230 times
  • The average score is 25 of 68

Answer Stats

TypeAnswer% Correct
RawMetal
96%
RawWood
96%
RawStone
92%
RawThatch
85%
RawFiber
80%
RawFlint
80%
RawCrystal
75%
RawHide
75%
ProcessedMetal Ingot
72%
RawObsidian
70%
RawOil
70%
ProcessedPolymer
68%
RawChitin
63%
RawSilica Pearls
63%
RawBlack Pearl
59%
Raw/ProcessedElement
59%
RawKeratin
59%
ProcessedCemmenting Paste
58%
RawOrganic Polymer
56%
ProcessedElectronics
55%
ProcessedSparkpowder
52%
ProcessedGunpowder
51%
ProcessedCharcoal
49%
RawBlue Gem
47%
RawRed Gem
47%
RawGreen Gem
46%
RawElement Dust
44%
RawPelt
43%
RawSand
42%
Raw/ProcessedElement Shard
40%
RawSulfur
37%
RawScrap Metal
36%
RawSap
34%
RawClay
28%
RawFungal Wood
28%
RawBio Toxin
25%
ProcessedScrap Metal Ingot
25%
RawWool
25%
RawCactus Sap
23%
RawSilk
23%
RawAngler Gel
21%
RawAchatina Paste
20%
RawCorrupted Nodule
18%
RawHuman Hair
16%
RawRaw Salt
16%
RawAmmonite Bile
14%
RawCondensed Gas
14%
RawCongealed Gas Ball
14%
ProcessedFertilizer
14%
RawGiant Bee Honey
14%
RawAmbergris
13%
RawElement Ore
13%
ProcessedPropellant
13%
ProcessedUnstable Element
13%
RawBlue Crystalized Sap
11%
RawRed Crystalized Sap
11%
RawShell Fragment
11%
RawSilicate
11%
ProcessedPreserving Salt
9%
ProcessedAbsorbant Substrate
8%
RawFragmented Green Gem
8%
RawHuman Feces
8%
ProcessedUnstable Element Shard
8%
ProcessedGacha Crystal
7%
RawLarge Animal Feces
6%
RawMedium Animal Feces
6%
RawSmall Animal Feces
6%
RawMistletoe
1%

Score Distribution

Percentile by Number Answered

Percent of People with Each Score

Your Score History

You have not taken this quiz